00616cam a22001697a 4500008004000000020001500040082002300055245010900078260004000187300001000227650003400237650002700271650001800298700001700316999001900333952009400352180718b2000 xxu||||| |||| 00| 0 eng d a0195653793 aH211x54 K63(W.Off) aSupreme but not infallible: essays in honour of the Supreme Court of Indiacedited by B.N. Kirpal et.al. aNew DelhibOxford Univ. Pressc2000 a481p. aConstitutional courts - India aSupreme courts - India a(Written off) aKirpal, B.N. c394651d394651 00104070aIIPAbIIPAd2000-10-31oH211x54 K63(W.Off)p76017r2018-07-21w2018-07-21yBK